| 000 | 00395nam a22001337a 4500 | ||
|---|---|---|---|
| 040 | _cNUST | ||
| 082 | _a200 THE | ||
| 100 |
_aFarhan Ahmed _991298 |
||
| 110 |
_aDr Bilal Malik _991299 |
||
| 245 | _aTH-SOF-0862-Friction Compensation Based Tracking Control Of A Single Link Robotic Manipulator | ||
| 260 |
_aISLAMABAD: _bNUST COLLEGE OF EME, _c2013. |
||
| 650 | _aMS-ELECT-63 | ||
| 942 |
_2ddc _cTHE |
||
| 999 |
_c589497 _d589497 |
||